000 01236nam a2200325 c 4500
003 BLK
005 20250218155413.0
008 180413b bul|||||r ||||||| ||bul||
010 _aKNG00020248000
040 _aBLK
041 _aBUL
_cBUL
080 _aКучета
_b636.7
_x
_z636.7
100 _aГеоргиев, Христо
_gСтоичков, Христо Георгиев
_9262643
700 1 _aГеоргиева, Райна
_eсъавт.
_9365243
139 _aГеоргиев, Христо и др.
_bГ 37
245 1 0 _aОбичаш ли кучето си
_bНауч.-худож. кн. за деца
_cХристо Георгиев; съавт. Райна Георгиева.
257 _aBGR
260 София
_bОтечество
_c1990
_fВ. Търново : печ. Д. Найденов
300 _a143 с.
_bс ил., 16 л. цв. ил.
_c24 см
380 _a63
650 4 _aКучета - отглеждане
_9262644
653 _aкучета
653 _aотглеждане
852 _aЦб 162123
856 4 _qpdf
_u
856 4 _qpdf
_u
942 _cKNG
_n0
_02
944 _aCR
_c15.01.2003
_k30560
_lГеновева Генчева
944 _aED
_c28.09.2017
_kКети_Илиева
999 _c18213
_d18213